Statystyki dla Polskie kanały na Youtube z największą liczbą subskrypcji

Kliknij tutaj aby rozwiązać quiz!

Ogólne statystyki

  • Ten quiz został rozwiązany 10,161 razy
    (3,972 od ostatniego zresetowania)
  • Średni wynik to 11 z 30

Statystyki odpowiedzi

Kanał % Correct
1.Blowek
96%
2.Stuu
88%
8.Friz
85%
3.reZigiusz
77%
5.SA Wardega
69%
6.AbstrachujeTV
65%
26.Tomasz Gimper Działowy
59%
29.Mandzio
54%
9.Naruciak
46%
14.Kamerzysta
44%
16.izak LIVE
41%
13.IsAmU
39%
21.BEKSY
32%
10.DISCO MAREK
30%
7.Step Records
29%
12.5 Sposobów na...
29%
15.Karolek
22%
11.Planeta Faktów
22%
25.QueQuality
21%
17.MULTI
20%
24.SBM Label
20%
18.Vito Minecraft
18%
19.ProstoTV
16%
4.Bazylland
16%
30.Niekryty Krytyk
13%
23.Marcin Malczyński
11%
27.FIT LOVERS
11%
28.DeeJayPallaside
10%
22.tvnpl
9%
20.SPInkafilmstudio
8%

Rozkład punktacji

Percentyl według liczby udzielonych odpowiedzi

Procent ludzi z każdym wynikiem

Twoja historia wyników

Nie rozwiązałeś tego quizu od ostatniego zresetowania